000
00329 a2200109 4500
001
ART_42036
005
20260410161815.0
008
260409a
245
1
0
_a
La filosofía política en la formación del abogado
100
1
_a
D'Auria, Aníbal
773
0
_t
Academia
_g
- Año 1, Nº 1 (mar./jun. 2003)
_w
REV4314
999
_c
21826
_d
21826